000 01524cam a2200169 4500500
005 20260208003730.0
041 _afre
042 _adc
100 1 0 _aCalin, Rodolphe
_eauthor
245 0 0 _aLe corps de la responsabilité. sensibilité, corporéité et subjectivité chez Lévinas
260 _c2006.
500 _a57
520 _aPour Lévinas, la subjectivité – aussi bien dans sa relation avec l’être que dans sa relation avec autrui – est originairement responsable. Comment une telle responsabilité, qui n’est pas la simple conséquence de la liberté du sujet, est-elle possible ? C’est seulement à partir de l’incarnation, à partir de la pesanteur même du corps, que le sujet apparaît comme responsable en ce sens et que par conséquent prend sens chez Levinas la notion même de responsabilité.
520 _aFor Levinas, subjectivity – as well in his relationship with the being, as with his relationship with the other – is from the beginning responsible. How is such a responsibility, which is not the mere consequence of the freedom of the subject possible ? It is only from the embodiment, from the very gravity of the body, that the subject appears as responsible in that sense and that consequently the very notion of responsibility assumes a meaning for Levinas.
786 0 _nLes Études philosophiques | 78 | 3 | 2006-09-01 | p. 297-318 | 0014-2166
856 4 1 _uhttps://shs.cairn.info/revue-les-etudes-philosophiques-2006-3-page-297?lang=fr&redirect-ssocas=7080
999 _c1648701
_d1648701